[Event "Wch Seniors 65 31st"]
[Site "Terassini"]
[Date "2023.10.25"]
[Round "1"]
[White "Birnboim, Nathan"]
[Black "Lochte, Thomas"]
[Result "1-0"]
[WhiteElo "2342"]
[BlackElo "1990"]
[PlyCount "79"]
[EventDate "2023.10.25"]
[EventType "swiss"]
[EventRounds "11"]
[EventCountry "ITA"]
[SourceTitle "Mega2024 Update 01"]
[Source "Chessbase"]
[SourceDate "2023.11.12"]
[SourceVersion "1"]
[SourceVersionDate "2023.11.12"]
[SourceQuality "1"]

1. d4 Nf6 2. c4 c5 3. d5 b5 4. cxb5 a6 5. b6 Qxb6 6. Nc3 d6 7. e4 g6 8. Nf3 Bg4 9. Qa4+ Bd7 10. Qc2 Bg7 11. Bc4 0-0 12. 0-0 Bb5 13. Nd2 Nbd7 14. a4 Bxc4 15. Nxc4 Qb4 16. Na2 Qb8 17. Bd2 Nb6 18. Ne3 a5 19. Nc3 Qc8 20. Nb5 Ng4 21. Nxg4 Qxg4 22. Bc3 Bxc3 23. bxc3 f5 24. Nc7 Rac8 25. Ne6 Rf6 26. f3 Qh5 27. Rab1 Nc4 28. Qa2 Ne5 29. f4 Nd3 30. Rb7 fxe4 31. Qb1 Qe2 32. Rb8 Rff8 33. Rb7 Qe3+ 34. Kh1 Nf2+ 35. Rxf2 Qxf2 36. h3 e3 37. Rxe7 e2 38. Rg7+ Kh8 39. Rxh7+ Kxh7 40. Qb7+ 1-0

[Event "Wch Seniors 65 30th"]
[Site "Assisi"]
[Date "2022.11.16"]
[Round "2"]
[White "Lederman, Leon S"]
[Black "Lochte, Thomas"]
[Result "1-0"]
[WhiteElo "2215"]
[BlackElo "2014"]
[PlyCount "105"]
[EventDate "2022.11.15"]
[EventType "swiss"]
[EventRounds "11"]
[EventCountry "ITA"]
[SourceTitle "CBM 211 Extra"]
[Source "ChessBase"]
[SourceDate "2023.01.31"]
[SourceVersion "1"]
[SourceVersionDate "2023.01.31"]
[SourceQuality "1"]

1. e4 e5 2. Nf3 Nc6 3. Bb5 a6 4. Ba4 Nf6 5. 0-0 b5 6. Bb3 Be7 7. Re1 0-0 8. d4 d6 9. c3 Bg4 10. Be3 Na5 11. dxe5 Bxf3 12. Qxf3 dxe5 13. Qf5 Nxb3 14. axb3 Qd3 15. Nd2 Nd5 16. Nf1 Nxe3 17. Nxe3 Qd6 18. Red1 Qe6 19. Rd7 Bd6 20. Nd5 Rad8 21. Rxd8 Rxd8 22. Rxa6 Qxf5 23. exf5 f6 24. g4 Bc5 25. Nxc7 Rd2 26. Ne6 Bxf2+ 27. Kf1 e4 28. Rc6 e3 29. Rc8+ Kf7 30. Rc7+ Ke8 31. Nxg7+ Kd8 32. Ne6+ Ke8 33. Nd4 Bh4 34. Rc6 Rf2+ 35. Kg1 Rxb2 36. Re6+ Kd7 37. Kf1 Rf2+ 38. Ke1 Rd2+ 39. Kf1 Rf2+ 40. Kg1 Rd2 41. Nf3 Bf2+ 42. Kf1 Rc2 43. Rxf6 Rxc3 44. Re6 Rxb3 45. Ne5+ Kc7 46. f6 Rb1+ 47. Ke2 Re1+ 48. Kf3 Bh4 49. Kg2 Re2+ 50. Kh3 Rf2 51. Kxh4 e2 52. Nd3 Rf3 53. Ne1 1-0

[Event "Innsbruck op 5th"]
[Site "Innsbruck"]
[Date "2021.08.26"]
[Round "7"]
[White "Kuti, Oliver"]
[Black "Lochte, Thomas"]
[Result "1-0"]
[WhiteElo "1988"]
[BlackElo "2040"]
[PlyCount "81"]
[EventDate "2021.08.21"]
[EventType "swiss"]
[EventRounds "9"]
[EventCountry "AUT"]
[SourceTitle "CBM 204 Extra"]
[Source "ChessBase"]
[SourceDate "2021.11.30"]
[SourceVersion "1"]
[SourceVersionDate "2021.11.30"]
[SourceQuality "1"]

1. e4 e5 2. Nf3 Nc6 3. Bc4 Nf6 4. d3 Be7 5. 0-0 d6 6. a4 0-0 7. Re1 Na5 8. Ba2 c5 9. c3 Nc6 10. Na3 Be6 11. Bxe6 fxe6 12. Nc4 h6 13. Bd2 Qe8 14. b4 cxb4 15. cxb4 Qg6 16. b5 Nd4 17. Nxd4 exd4 18. Bb4 Ng4 19. f3 Ne3 20. Nxe3 dxe3 21. Rxe3 Bg5 22. Re1 Bf4 23. d4 e5 24. Bd2 exd4 25. Bxf4 Rxf4 26. Qxd4 Rxf3 27. Qd5+ Rf7 28. Rf1 Raf8 29. Rf2 Kh7 30. Raf1 Rxf2 31. Rxf2 Rxf2 32. Kxf2 Qf6+ 33. Qf5+ Qxf5+ 34. exf5 Kg8 35. Ke3 Kf7 36. Kd4 Kf6 37. Kd5 Ke7 38. g4 Kf6 39. Kxd6 Kg5 40. Kc7 Kxg4 41. Kxb7 1-0

[Event "Riga Tech op-A"]
[Site "Riga"]
[Date "2021.08.09"]
[Round "1"]
[White "Lochte, Thomas"]
[Black "Roshka, Yevgeniy"]
[Result "0-1"]
[WhiteElo "2040"]
[BlackElo "2476"]
[PlyCount "50"]
[EventDate "2021.08.09"]
[EventType "swiss"]
[EventRounds "9"]
[EventCountry "LAT"]
[SourceTitle "CBM 203 Extra"]
[Source "ChessBase"]
[SourceDate "2021.09.30"]
[SourceVersion "1"]
[SourceVersionDate "2021.09.30"]
[SourceQuality "1"]

1. e4 e6 2. d4 d5 3. Nd2 c5 4. exd5 Qxd5 5. Ngf3 cxd4 6. Bc4 Qd7 7. 0-0 Nc6 8. Re1 a6 9. Ng5 Qd8 10. Nde4 Ne5 11. Bb3 h6 12. f4 hxg5 13. fxe5 Be7 14. Qf3 Nh6 15. Ba4+ Kf8 16. Rf1 g4 17. Qg3 Nf5 18. Qxg4 Qa5 19. Bb3 Qxe5 20. g3 Bd7 21. Bd2 Ne3 22. Bxe3 dxe3 23. Rad1 e2 24. Qxe2 Bc5+ 25. Nxc5 Qxe2 0-1

[Event "Krakow op-B 31st"]
[Site "Krakow"]
[Date "2021.01.02"]
[Round "6"]
[White "Dziewonski, Dariusz"]
[Black "Lochte, Thomas"]
[Result "1/2-1/2"]
[WhiteElo "1925"]
[BlackElo "2076"]
[PlyCount "46"]
[EventDate "2020.12.27"]
[EventType "swiss"]
[EventRounds "9"]
[EventCountry "POL"]
[SourceTitle "CBM 200 Extra"]
[Source "ChessBase"]
[SourceDate "2021.03.31"]
[SourceVersion "1"]
[SourceVersionDate "2021.03.31"]
[SourceQuality "1"]

1. e4 e5 2. Nf3 Nc6 3. Bb5 a6 4. Ba4 Nf6 5. 0-0 b5 6. Bb3 Be7 7. Re1 0-0 8. h3 d6 9. c3 Na5 10. Bc2 c5 11. d4 cxd4 12. cxd4 Qc7 13. b3 exd4 14. Bb2 Bb7 15. Nxd4 Nc6 16. Nxc6 Qxc6 17. Nc3 Rfe8 18. a3 Rad8 19. Rc1 d5 20. Nxd5 Nxd5 21. exd5 Qxd5 22. Qxd5 Bxd5 23. Rcd1 Be6 1/2-1/2

[Event "Arco op 42nd"]
[Site "Arco"]
[Date "2020.10.16"]
[Round "7.15"]
[White "Kierzek, Matthias"]
[Black "Lochte, Thomas"]
[Result "0-1"]
[WhiteElo "2256"]
[BlackElo "2045"]
[PlyCount "54"]
[EventDate "2020.10.10"]
[EventType "swiss"]
[EventRounds "9"]
[EventCountry "ITA"]
[SourceTitle "CBM 198 Extra"]
[Source "ChessBase"]
[SourceDate "2020.11.30"]
[SourceVersion "1"]
[SourceVersionDate "2020.11.30"]
[SourceQuality "1"]

1. d4 Nf6 2. c4 c5 3. d5 b5 4. cxb5 a6 5. e3 axb5 6. Bxb5 Qa5+ 7. Nc3 Bb7 8. Bd2 Qb6 9. Nf3 Nxd5 10. a4 Qg6 11. 0-0 e6 12. Qe2 Bd6 13. Bd3 Nxc3 14. Bxc3 f5 15. Rfe1 0-0 16. b3 Nc6 17. e4 fxe4 18. Bxe4 Qh6 19. Rad1 Rxf3 20. Qxf3 Bxh2+ 21. Kf1 d5 22. Bd3 Rf8 23. Qg4 e5 24. Re3 Qxe3 25. Qh4 e4 26. Bxe4 dxe4 27. Bxg7 Ba6+ 0-1

[Event "Arco op 42nd"]
[Site "Arco"]
[Date "2020.10.11"]
[Round "2.32"]
[White "Lochte, Thomas"]
[Black "Galliani, William"]
[Result "1-0"]
[WhiteElo "2045"]
[BlackElo "1748"]
[PlyCount "49"]
[EventDate "2020.10.10"]
[EventType "swiss"]
[EventRounds "9"]
[EventCountry "ITA"]
[SourceTitle "CBM 198 Extra"]
[Source "ChessBase"]
[SourceDate "2020.11.30"]
[SourceVersion "1"]
[SourceVersionDate "2020.11.30"]
[SourceQuality "1"]

1. e4 c5 2. d4 cxd4 3. c3 g6 4. cxd4 Bg7 5. Nc3 e6 6. e5 d5 7. exd6 Qxd6 8. Nb5 Qd8 9. Bf4 Na6 10. Nf3 Nh6 11. Nd6+ Kf8 12. Bxa6 Qa5+ 13. Qd2 Qxd2+ 14. Kxd2 bxa6 15. Rac1 Ke7 16. Rc7+ Bd7 17. Ne5 Bxe5 18. dxe5 Ng4 19. f3 Nxe5 20. Bxe5 f6 21. Bg3 e5 22. Ne4 Rhd8 23. Ke3 f5 24. Bh4+ Ke6 25. Bxd8 1-0

[Event "Erfurt op-A 29th"]
[Site "Erfurt"]
[Date "2019.12.29"]
[Round "7"]
[White "Urban, Lars"]
[Black "Lochte, Thomas"]
[Result "1-0"]
[WhiteElo "2178"]
[BlackElo "2014"]
[PlyCount "69"]
[EventDate "2019.12.26"]
[EventType "swiss"]
[EventRounds "8"]
[EventCountry "GER"]
[SourceTitle "CBM 194 Extra"]
[Source "ChessBase"]
[SourceDate "2020.03.31"]
[SourceVersion "1"]
[SourceVersionDate "2020.03.31"]
[SourceQuality "1"]

1. d4 Nf6 2. c4 e5 3. dxe5 Ng4 4. Bf4 g5 5. Bg3 Bg7 6. Nf3 Nc6 7. Nc3 Ngxe5 8. Nxe5 Nxe5 9. e3 d6 10. h4 g4 11. h5 Be6 12. h6 Bf6 13. Ne4 Be7 14. Qd4 c5 15. Qc3 Qc7 16. Bxe5 dxe5 17. 0-0-0 f5 18. Ng3 Kf7 19. Bd3 Kg6 20. f4 gxf3 21. gxf3 Bg5 22. Be2 Rad8 23. Rdg1 Rhg8 24. f4 Bf6 25. e4 Kf7 26. exf5 Bc8 27. Nh5 Bh8 28. f6 Rg4 29. fxe5 Rgd4 30. Re1 Be6 31. Kb1 Qc6 32. Ng7 Bxc4 33. e6+ Kxf6 34. e7 Bxg7 35. e8Q 1-0

[Event "Erfurt op-A 29th"]
[Site "Erfurt"]
[Date "2019.12.28"]
[Round "5"]
[White "Weishaeutel, Moritz"]
[Black "Lochte, Thomas"]
[Result "1-0"]
[WhiteElo "2231"]
[BlackElo "2014"]
[PlyCount "71"]
[EventDate "2019.12.26"]
[EventType "swiss"]
[EventRounds "8"]
[EventCountry "GER"]
[SourceTitle "CBM 194 Extra"]
[Source "ChessBase"]
[SourceDate "2020.03.31"]
[SourceVersion "1"]
[SourceVersionDate "2020.03.31"]
[SourceQuality "1"]

1. e4 e6 2. d4 d5 3. Nd2 Nf6 4. e5 Nfd7 5. Bd3 c5 6. c3 Nc6 7. Ne2 cxd4 8. cxd4 Qb6 9. Nf3 f6 10. 0-0 fxe5 11. dxe5 Ndxe5 12. Nxe5 Nxe5 13. Be3 Bc5 14. Nf4 Bxe3 15. Qh5+ Nf7 16. fxe3 g6 17. Nxg6 hxg6 18. Qxg6 Rf8 19. Rxf7 Rxf7 20. Rf1 Qxe3+ 21. Kh1 Bd7 22. Qxf7+ Kd8 23. Qf8+ Kc7 24. Qxa8 Qxd3 25. Rc1+ Bc6 26. Qxa7 Qd2 27. Qc5 d4 28. Qc2 Qg5 29. Rd1 e5 30. Qf2 e4 31. Qxd4 e3 32. Qd6+ Kb6 33. Qg3 Qc5 34. Re1 Qd5 35. Qxe3+ Ka6 36. Qa3+ 1-0

[Event "Erfurt op-A 29th"]
[Site "Erfurt"]
[Date "2019.12.27"]
[Round "3"]
[White "Payyappat, Sayas"]
[Black "Lochte, Thomas"]
[Result "0-1"]
[WhiteElo "2166"]
[BlackElo "2014"]
[PlyCount "32"]
[EventDate "2019.12.26"]
[EventType "swiss"]
[EventRounds "8"]
[EventCountry "GER"]
[SourceTitle "CBM 194 Extra"]
[Source "ChessBase"]
[SourceDate "2020.03.31"]
[SourceVersion "1"]
[SourceVersionDate "2020.03.31"]
[SourceQuality "1"]

1. e4 e5 2. Nf3 Nc6 3. Bc4 Nf6 4. d3 Bc5 5. 0-0 0-0 6. Nbd2 d6 7. h3 Na5 8. c3 Nxc4 9. Nxc4 Be6 10. Ne3 Bb6 11. g4 d5 12. Qc2 h5 13. g5 Bxh3 14. gxf6 Qxf6 15. Nf5 Qg6+ 16. Ng3 Qxg3+ 0-1

[Event "Oberliga Bayern 1920"]
[Site "Bayern"]
[Date "2019.11.24"]
[Round "3.5"]
[White "Kern, Johannes"]
[Black "Lochte, Thomas"]
[Result "1-0"]
[WhiteElo "2156"]
[BlackElo "2006"]
[PlyCount "51"]
[EventDate "2019.10.20"]
[EventType "team-tourn"]
[EventRounds "9"]
[EventCountry "GER"]
[SourceTitle "EXT 2021"]
[Source "ChessBase"]
[SourceDate "2020.10.23"]
[SourceVersion "1"]
[SourceVersionDate "2020.10.23"]
[SourceQuality "1"]
[WhiteTeam "Trostberg"]
[BlackTeam "Weilheim"]
[WhiteTeamCountry "GER"]
[BlackTeamCountry "GER"]

1. d3 d5 2. Nd2 e5 3. Ngf3 Nc6 4. e4 Nf6 5. Be2 Be7 6. 0-0 0-0 7. c3 h6 8. b4 a6 9. Re1 d4 10. cxd4 Nxd4 11. Nxd4 Qxd4 12. Rb1 Bxb4 13. Bb2 Qc5 14. Rc1 Qe7 15. Rf1 Rd8 16. Qc2 Bxd2 17. Qxd2 Nxe4 18. Qa5 Nf6 19. Rxc7 Rd7 20. Rfc1 Rxc7 21. Rxc7 Nd7 22. Bg4 Qd8 23. Bxd7 Bxd7 24. Qxe5 Qf8 25. Rxd7 Re8 26. Qc3 1-0

[Event "Oberliga Bayern 1920"]
[Site "Bayern"]
[Date "2019.11.10"]
[Round "2.7"]
[White "Lochte, Thomas"]
[Black "Werner, Claus"]
[Result "1-0"]
[WhiteElo "2006"]
[BlackElo "2200"]
[PlyCount "57"]
[EventDate "2019.10.20"]
[EventType "team-tourn"]
[EventRounds "9"]
[EventCountry "GER"]
[SourceTitle "EXT 2021"]
[Source "ChessBase"]
[SourceDate "2020.10.23"]
[SourceVersion "1"]
[SourceVersionDate "2020.10.23"]
[SourceQuality "1"]
[WhiteTeam "Weilheim"]
[BlackTeam "Regensburg Post/Sued"]
[WhiteTeamCountry "GER"]
[BlackTeamCountry "GER"]

1. e4 c5 2. d4 cxd4 3. c3 Nf6 4. e5 Nd5 5. Nf3 e6 6. Bc4 Nb6 7. Bb3 d3 8. Qxd3 d5 9. a4 Nc6 10. 0-0 Be7 11. Re1 Nd7 12. Bc2 a5 13. Na3 Nc5 14. Qe2 0-0 15. Nb5 Bd7 16. Bf4 f5 17. exf6 Bxf6 18. Bc7 Qc8 19. Bd6 Be7 20. Ne5 Bxd6 21. Nxd6 Qc7 22. Qh5 Ne4 23. Rxe4 dxe4 24. Bxe4 h6 25. Qg6 Rf6 26. Qh7+ Kf8 27. Qh8+ Ke7 28. Qxg7+ Kxd6 29. Nxd7 1-0

[Event "Trieste op 21st"]
[Site "Trieste"]
[Date "2019.08.31"]
[Round "1"]
[White "Lochte, Thomas"]
[Black "Verstraeten, Reinaert"]
[Result "0-1"]
[WhiteElo "2045"]
[BlackElo "2343"]
[PlyCount "56"]
[EventDate "2019.08.31"]
[EventType "swiss"]
[EventRounds "9"]
[EventCountry "ITA"]
[SourceTitle "EXT 2020"]
[Source "ChessBase"]
[SourceDate "2019.10.17"]
[SourceVersion "1"]
[SourceVersionDate "2019.10.17"]
[SourceQuality "1"]

1. e4 c5 2. d4 cxd4 3. c3 Nf6 4. e5 Nd5 5. Qxd4 e6 6. Nf3 Nc6 7. Qe4 d6 8. Bb5 Qc7 9. c4 Nb6 10. Nc3 a6 11. exd6 Bxd6 12. Be3 Bb4 13. Bxc6+ bxc6 14. Qd4 Nd7 15. Qxg7 Rf8 16. 0-0 Bb7 17. Bg5 Bxc3 18. bxc3 c5 19. Rfe1 Qc6 20. Rxe6+ Qxe6 21. Re1 Qxe1+ 22. Nxe1 f6 23. Be3 0-0-0 24. Qe7 f5 25. Nf3 f4 26. Bxc5 Rde8 27. Qd6 Rf6 28. Qd4 Re4 0-1

[Event "BL2-Ost 1819"]
[Site "Germany"]
[Date "2019.02.03"]
[Round "6.6"]
[White "Lochte, Thomas"]
[Black "Pitschka, Claus"]
[Result "1/2-1/2"]
[WhiteElo "2080"]
[BlackElo "2228"]
[PlyCount "94"]
[EventDate "2018.11.10"]
[EventType "team-tourn"]
[EventRounds "10"]
[EventCountry "GER"]
[SourceTitle "CBM 190 Extra"]
[Source "ChessBase"]
[SourceDate "2019.07.15"]
[SourceVersion "1"]
[SourceVersionDate "2019.07.15"]
[SourceQuality "1"]
[WhiteTeam "Weilheim"]
[BlackTeam "Garching"]
[WhiteTeamCountry "GER"]
[BlackTeamCountry "GER"]

1. e4 d6 2. d4 Nf6 3. Nc3 Nbd7 4. f4 e5 5. Nf3 exd4 6. Qxd4 c6 7. Be2 d5 8. exd5 Bc5 9. Qd3 0-0 10. Bd2 cxd5 11. Nxd5 Nxd5 12. Qxd5 Qe7 13. Ne5 Nf6 14. Qf3 Be6 15. Be3 Bxe3 16. Qxe3 Qb4+ 17. Qd2 Qxb2 18. 0-0 Rfd8 19. Bd3 Bf5 20. Rab1 Qxa2 21. Rxb7 Bxd3 22. Nxd3 Qd5 23. Qb4 a5 24. Qb3 a4 25. Qxd5 Nxd5 26. Ra1 Ne3 27. Nb4 g6 28. Re1 Nf5 29. Nc6 Rd6 30. Ne7+ Nxe7 31. Rexe7 Rf6 32. g3 a3 33. Ra7 Ra6 34. Re8+ Rxe8 35. Rxa6 Re3 36. Ra8+ Kg7 37. c4 Kf6 38. Kf2 Rc3 39. Ke2 Ke6 40. Kd2 Rf3 41. Ra6+ Kd7 42. Kc2 h5 43. c5 Rf2+ 44. Kb3 Rxh2 45. Rxa3 Kc6 46. Kc4 Rc2+ 47. Kd4 Rd2+ 1/2-1/2

[Event "BL2-Ost 1819"]
[Site "Germany"]
[Date "2018.12.15"]
[Round "3.6"]
[White "Lindgren, Philip"]
[Black "Lochte, Thomas"]
[Result "1-0"]
[WhiteElo "2374"]
[BlackElo "2107"]
[PlyCount "65"]
[EventDate "2018.11.10"]
[EventType "team-tourn"]
[EventRounds "10"]
[EventCountry "GER"]
[SourceTitle "CBM 190 Extra"]
[Source "ChessBase"]
[SourceDate "2019.07.15"]
[SourceVersion "1"]
[SourceVersionDate "2019.07.15"]
[SourceQuality "1"]
[WhiteTeam "Muenchen Bayern"]
[BlackTeam "Weilheim"]
[WhiteTeamCountry "GER"]
[BlackTeamCountry "GER"]

1. d4 Nf6 2. c4 e5 3. dxe5 Ng4 4. e3 Bb4+ 5. Bd2 Bxd2+ 6. Qxd2 Nxe5 7. Nc3 0-0 8. 0-0-0 Nbc6 9. f4 Ng6 10. h4 d6 11. h5 Nge7 12. h6 g6 13. Nf3 Bg4 14. e4 f5 15. Bd3 a6 16. Rde1 Bxf3 17. gxf3 Nd4 18. Ne2 Nxe2+ 19. Rxe2 Nc6 20. exf5 Nd4 21. fxg6 Nxe2+ 22. Qxe2 Qf6 23. f5 Qg5+ 24. Kb1 Rae8 25. Qc2 hxg6 26. fxg6 c6 27. Be4 d5 28. cxd5 cxd5 29. Qc7 Re7 30. Bxd5+ Qxd5 31. Qxe7 Qd3+ 32. Ka1 Qxg6 33. h7+ 1-0

[Event "Wch Seniors 50 28th"]
[Site "Bled"]
[Date "2018.11.22"]
[Round "5"]
[White "Lochte, Thomas"]
[Black "Buciu, Aurel John"]
[Result "1-0"]
[WhiteElo "2105"]
[BlackElo "1687"]
[PlyCount "53"]
[EventDate "2018.11.18"]
[EventType "swiss"]
[EventRounds "11"]
[EventCountry "SLO"]
[SourceTitle "CBM 187 Extra"]
[Source "ChessBase"]
[SourceDate "2018.11.04"]
[SourceVersion "1"]
[SourceVersionDate "2018.11.04"]
[SourceQuality "1"]

1. e4 e6 2. d4 b6 3. Bd3 Bb7 4. Qe2 d6 5. f4 Nd7 6. Nf3 Ne7 7. 0-0 g6 8. f5 Bg7 9. fxe6 fxe6 10. Ng5 Bxd4+ 11. Kh1 Bf6 12. Nxe6 Qc8 13. Nc3 Bxc3 14. bxc3 Ne5 15. Bc4 Nxc4 16. Qxc4 Ba6 17. Qa4+ c6 18. Ng7+ Kd7 19. Rf7 Qg8 20. Qxa6 Qxf7 21. Qb7+ Kd8 22. Qxa8+ Nc8 23. Bh6 Qc4 24. Qb7 Qxe4 25. Bg5+ Ne7 26. Bxe7+ Qxe7 27. Qb8+ 1-0

[Event "Wch Seniors 50 28th"]
[Site "Bled"]
[Date "2018.11.18"]
[Round "1"]
[White "Lochte, Thomas"]
[Black "Sturua, Zurab"]
[Result "0-1"]
[WhiteElo "2105"]
[BlackElo "2529"]
[PlyCount "56"]
[EventDate "2018.11.18"]
[EventType "swiss"]
[EventRounds "11"]
[EventCountry "SLO"]
[SourceTitle "CBM 187 Extra"]
[Source "ChessBase"]
[SourceDate "2018.11.04"]
[SourceVersion "1"]
[SourceVersionDate "2018.11.04"]
[SourceQuality "1"]

1. e4 c5 2. d4 cxd4 3. c3 Nf6 4. e5 Nd5 5. Qxd4 e6 6. Nf3 Nc6 7. Qe4 f5 8. exf6 Nxf6 9. Qh4 e5 10. Be2 Be7 11. g4 d5 12. g5 Ne4 13. Rg1 Be6 14. Nbd2 Nd6 15. Qa4 0-0 16. h4 Rf4 17. Qb3 e4 18. Nd4 Nxd4 19. cxd4 Nf5 20. Qxb7 Nxd4 21. Bd1 Bc5 22. Nb3 Rb8 23. Nxc5 Rxb7 24. Nxb7 Qf8 25. Bxf4 Qxf4 26. Nc5 e3 27. Nd3 Qe4 28. Nc5 Qxh4 0-1

[Event "BL2-Ost 1819"]
[Site "Germany"]
[Date "2018.11.10"]
[Round "1.7"]
[White "Eichner, Sebastian"]
[Black "Lochte, Thomas"]
[Result "1-0"]
[WhiteElo "2361"]
[BlackElo "2105"]
[PlyCount "71"]
[EventDate "2018.11.10"]
[EventType "team-tourn"]
[EventRounds "10"]
[EventCountry "GER"]
[SourceTitle "CBM 190 Extra"]
[Source "ChessBase"]
[SourceDate "2019.07.15"]
[SourceVersion "1"]
[SourceVersionDate "2019.07.15"]
[SourceQuality "1"]
[WhiteTeam "Aue Nickelhuette"]
[BlackTeam "Weilheim"]
[WhiteTeamCountry "GER"]
[BlackTeamCountry "GER"]

1. d4 Nf6 2. c4 e5 3. dxe5 Ng4 4. Bf4 Bb4+ 5. Nd2 Qe7 6. Ngf3 Nc6 7. e3 Ngxe5 8. Nxe5 Nxe5 9. Be2 0-0 10. 0-0 Ng6 11. Bg3 Bd6 12. Bxd6 Qxd6 13. Qc2 Qe7 14. c5 d5 15. cxd6 Qxd6 16. Rfd1 Qe7 17. Nb3 c6 18. Rd4 f5 19. Qd2 Be6 20. Na5 Ne5 21. Rc1 Rad8 22. Nxb7 Rxd4 23. Qxd4 Bd5 24. f4 Ng4 25. Bxg4 fxg4 26. Na5 g5 27. Qe5 Re8 28. Nxc6 Bxc6 29. Rxc6 Qxe5 30. fxe5 Rxe5 31. Kf2 Ra5 32. b3 Rb5 33. b4 Rf5+ 34. Ke2 Rf7 35. a4 h5 36. Rg6+ 1-0

[Event "Sao Martinho do Porto op 1st"]
[Site "Sao Martinho do Porto"]
[Date "2018.09.16"]
[Round "3"]
[White "Lochte, Thomas"]
[Black "Ikonnikov, Vyacheslav"]
[Result "0-1"]
[WhiteElo "2071"]
[BlackElo "2551"]
[PlyCount "56"]
[EventDate "2018.09.15"]
[EventType "swiss"]
[EventRounds "9"]
[EventCountry "POR"]
[SourceTitle "CBM 186 Extra"]
[Source "ChessBase"]
[SourceDate "2018.08.24"]
[SourceVersion "1"]
[SourceVersionDate "2018.08.24"]
[SourceQuality "1"]

1. e4 c5 2. d4 cxd4 3. c3 dxc3 4. Nxc3 Nc6 5. Nf3 e6 6. Bc4 a6 7. 0-0 Nge7 8. Bg5 h6 9. Be3 b5 10. Bb3 Ng6 11. Nd4 Bb7 12. f4 Bc5 13. f5 Nge5 14. Kh1 Nxd4 15. Bxd4 Bxd4 16. Qxd4 Qb8 17. Rad1 0-0 18. f6 g6 19. Ne2 a5 20. Ng1 a4 21. Nf3 Nxf3 22. Rxf3 axb3 23. axb3 Kh7 24. Rdf1 b4 25. g4 Ra5 26. Qxb4 Qa8 27. Re1 Re5 28. Rfe3 d5 0-1

[Event "Innsbruck op-A 2nd"]
[Site "Innsbruck"]
[Date "2018.08.28"]
[Round "5"]
[White "Svanda, Ondrej"]
[Black "Lochte, Thomas"]
[Result "1/2-1/2"]
[WhiteElo "2241"]
[BlackElo "2083"]
[PlyCount "55"]
[EventDate "2018.08.24"]
[EventType "swiss"]
[EventRounds "9"]
[EventCountry "AUT"]
[SourceTitle "CBM 186 Extra"]
[Source "ChessBase"]
[SourceDate "2018.08.24"]
[SourceVersion "1"]
[SourceVersionDate "2018.08.24"]
[SourceQuality "1"]

1. e4 e5 2. Nf3 Nc6 3. d4 exd4 4. Bc4 Nf6 5. e5 d5 6. Bb5 Ne4 7. Nxd4 Bd7 8. Bxc6 bxc6 9. 0-0 Bc5 10. f3 Ng5 11. f4 Ne4 12. Be3 Qe7 13. Nd2 0-0 14. Nxe4 dxe4 15. Qe2 f6 16. Nb3 Bxe3+ 17. Qxe3 fxe5 18. Qxe4 Bf5 19. Qc4+ Be6 20. Qxc6 Bxb3 21. axb3 exf4 22. Rae1 Qf6 23. Qxf6 Rxf6 24. Re7 Rc6 25. Rxf4 Rxc2 26. Rff7 Rc1+ 27. Kf2 Rf8 28. Rxf8+ 1/2-1/2